| 000 | 01115cam a2200325 a 4500 | ||
|---|---|---|---|
| 001 | 804 | ||
| 005 | 20260311092309.0 | ||
| 020 | _a9780545689496 | ||
| 040 |
_aDLC _cDLC _dDLC _beng |
||
| 050 | 0 | 0 |
_aPZ7.O81167 _bAb 2011 |
| 082 | 0 | 0 |
_aFic _223 |
| 100 | 1 | _aOsborne, Mary Pope. | |
| 245 | 1 | 0 |
_aAbe Lincoln at last! _cby Mary Pope Osborne ; illustrated by Sal Murdocca. |
| 250 | _aFirst scholastic printing, January 2014 | ||
| 260 |
_aNew York : _c2011 |
||
| 300 |
_a114 pages : _billustrations ; _c20 cm |
||
| 490 | 0 |
_aMagic tree house _vBook 47 |
|
| 500 | _a"A Merlin Mission." | ||
| 505 | _aI | ||
| 520 | _aThe magic tree house whisks Jack and Annie to Washington D.C. in the 1860s where they meet Abraham Lincoln and collect a feather that will help break a magic spell. | ||
| 521 |
_a470
_bLexile |
||
| 521 |
_aI
_bRaz-Plus |
||
| 650 | 1 |
_aTime travel _vFiction. |
|
| 650 | 1 |
_aMagic _vFiction. |
|
| 650 | 1 |
_aSiblings _vFiction. |
|
| 650 | 1 |
_aPresidents _xFamily _vFiction. |
|
| 700 | 1 |
_aMurdocca, Sal _eillustrator |
|
| 906 |
_a7 _bcip _corignew _d1 _eecip _f20 _gy-gencatlg |
||
| 942 |
_2ddc _cBK _n0 |
||
| 999 |
_c804 _d804 |
||